Heidi. Hans Brinker (Record no. 34074)
[ view plain ]
| 000 -CABECERA | |
|---|---|
| campo de control de longitud fija | 00483nam a2200193 4500 |
| 003 - IDENTIFICADOR DEL NÚMERO DE CONTROL | |
| campo de control | OSt |
| 005 - FECHA Y HORA DE LA ÚLTIMA TRANSACCIÓN | |
| campo de control | 20191023103823.0 |
| 008 - DATOS DE LONGITUD FIJA--INFORMACIÓN GENERAL | |
| campo de control de longitud fija | 191023b xxu||||| |||| 00| 0 spa d |
| 040 ## - FUENTE DE LA CATALOGACIÓN | |
| Centro/agencia transcriptor | Biblioteca Ernesto Sábato |
| 092 ## - SIGNATURA TOPOGRÁFICA | |
| Número de clasificación | 808.068 |
| Libristica | S772 |
| 100 ## - Autor Personal | |
| Nombre de persona | Spyri, Johanna |
| 245 ## - MENCIÓN DE TÍTULO | |
| Título | Heidi. Hans Brinker |
| 260 ## - PUBLICACIÓN, DISTRIBUCIÓN, ETC. (PIE DE IMPRENTA) | |
| Lugar de publicación, distribución, etc. | New York |
| Nombre del editor, distribuidor, etc. | Grosset & Dunlap |
| Fecha de publicación, distribución, etc. | 1963 |
| 300 ## - DESCRIPCIÓN FÍSICA | |
| Paginas | 602 p |
| 546 ## - NOTA DE LENGUA/LENGUAJE | |
| Nota de lengua/lenguaje | inglés |
| 650 ## - Descriptores Tematicos | |
| Término de materia o nombre geográfico como elemento inicial | LITERATURA INFANTIL |
| 700 ## - Coautores y traductores | |
| Nombre de persona | Mary Mapes Dodge |
| 942 ## - ELEMENTOS DE PUNTO DE ACCESO ADICIONAL (KOHA) | |
| Fuente del sistema de clasificación o colocación | Dewey Decimal Classification |
| Tipo de ítem Koha | BDGR |
| Estado de retiro | Estado de pérdida | Fuente del sistema de clasificación o colocación | Estado dañado | No para préstamo | Localización permanente | Ubicación/localización actual | Fecha de adquisición | Número de inventario | Total de préstamos | Signatura topográfica completa | Código de barras | Fecha visto por última vez | Precio válido a partir de | Tipo de ítem Koha |
|---|---|---|---|---|---|---|---|---|---|---|---|---|---|---|
| Dewey Decimal Classification | Biblioteca Ernesto Sabato - FADECS - UNCOMA | Biblioteca Ernesto Sabato - FADECS - UNCOMA | 23/10/2019 | 06735 | 808.068 S772 | 06735 | 23/10/2019 | 23/10/2019 | BDGR |